000 00311nam a22001337a 4500
008 171204b xxu||||| |||| 00| 0 eng d
020 _a9780131950719
041 _aeng
080 _23RD
_a159.9
100 _a48
101 _aPSI
245 _aADOLESCENCE AND EMERGING ADULTHOOD
_cARNETT,J,J
942 _2udc
_cBK
999 _c38782
_d38782